Books of the Hebrew Bible (Tanakh) - Statistics

General Stats
  • This quiz has been taken 18 times
  • The average score is 12 of 24
Answer Stats
Answer Hebrew % Correct
Bərēʾšīṯ בְּרֵאשִׁית
100%
ʾEsṯēr אֶסְתֵר
88%
Bəmīḏbar בְּמִדְבַּר
75%
Rūṯ רוּת
75%
Dəḇārīm דְּבָרִים
63%
Šəmōṯ שְׁמֹות
63%
Šəmūʾēl שְׁמוּאֵל
63%
Yəhōšúaʿ יְהוֹשֻעַ
63%
Məlāḵīm מְלָכִים
50%
Mīšlē מִשְׁלֵי
50%
Šōfṭīm שֹׁפְטִים
50%
Təhīllīm תְהִלִּים
50%
Tərē ʿĂśar תְּרֵי עֲשַׂר
50%
Wayyīqrāʾ וַיִּקְרָא
50%
Dīḇrē hayYāmīm דִּבְרֵי הַיָּמִים
38%
ʾĒḵā אֵיכָה
38%
Īyyōḇ אִיּוֹב
38%
Qōheleṯ קֹהֶלֶת
38%
Šīr hašŠīrīm שִׁיר הַשִּׁירִים
38%
Dānīyyē'l דָּנִיֵּאל
25%
ʿEzrāʾ עֶזְרָא
25%
Yəḥezqēʾl יְחֶזְקֵאל
25%
Yəšaʿyāhū יְשַׁעְיָהוּ
25%
Yīrməyāhū יִרְמְיָהוּ
13%
No matching quizzes found
Score Distribution
Percent of People with Each Score
Percentile by Number Answered
Your Score History
You have not taken this quiz